| 000 | 00893nam a2200265Ia 4500 | ||
|---|---|---|---|
| 003 | OSt | ||
| 005 | 20221005100618.0 | ||
| 006 | a|||||r|||| 00| 0 | ||
| 007 | ta | ||
| 008 | 221004b |||||||| |||| 00| 0 eng d | ||
| 020 |
_a8173052670 _c750 |
||
| 024 | _a82065 | ||
| 037 |
_b9349, 30/03/2005, Aryan Books International _cTextual |
||
| 040 |
_aCRL _cCRL _beng |
||
| 041 |
_2eng _aeng |
||
| 082 | _aV252p1G:71.P0, P4 | ||
| 100 |
_aPurushottam Singh _98312 |
||
| 245 | 0 |
_aArchaeology of middle Ganga plain _b New perspectives (Excavations at Agiabir) |
|
| 260 |
_aShimla _bIndian Institute of Advanced Study India _c2004 |
||
| 300 |
_a93p. _ccm. |
||
| 650 | _aHISTORY | ||
| 700 |
_a Ashok Kumar Singh _98313 |
||
| 942 |
_hV252p1G:71.P0, P4 _cTEXL _2cc |
||
| 999 |
_c1005506 _d1005506 |
||